01348nas a2200409 4500001001300000003000900013005001700022007000300039008003400042040005400076041000900130072000800139100001900147100001600166100001900182100002000201100002200221100001500243100001600258100001700274100001900291100001900310100001500329245007500344246007500419650001800494650001700512650002000529650002000549650001500569650001400584773011000598909004000708942001800748999001900766952015300785BR2012009498BR-BrBNA20231205121631.0ta230509b bl.|||p| |||| 00| 00por d aBR-BrBNAbporcBiblioteca Nacional de Agricultura a(En) aL731 aMota, P.M.P.C.1 aPires, P.S.1 aAssis, R.A. de1 aSalvarani, F.M.1 aLeite, R. de M.H.1 aDias, L.D.1 aLeite, R.C.1 aLobato, R.C.1 aLobato, F.C.F.1 aGuedes, R.M.C.1 aLage, A.P.1 aParatuberculosis in a dairy Gyr herd in the state of Paraíba, Brazil1 aParatuberculosis in a dairy Gyr herd in the state of Paraíba, Brazil aGADO LEITEIRO aGIR LEITEIRO aPARATUBERCULOSE aDOENÇA ANIMAL aBACTÉRIA aPARAÍBA0 tPesquisa Veterinária Brasileira (Brazil)xISSN 0100-736Xg(Sep 2009), v. 29(9) p. 703-706wBR2012009498 a202311bLúciac55dLúcia Elande 2AGRISn0cANA c224479d224479 002AGRIS4071a41918b41918cPeriódicos Agrícolash(Sep 2009), v. 29(9) p. 703-706l0r2023-11-29t01yCRePortaria Interministerial nº 164/94